This time is different eight centuries of financial folly

Gespeichert in:
Bibliographische Detailangaben
1. Verfasser: Reinhart, Carmen M.
Weitere Verfasser: Rogoff, Kenneth
Format: Buch
Sprache:Englisch
Veröffentlicht: Princeton Princeton University Press 2009
Schlagworte:
Tags: Tag hinzufügen
Keine Tags, Fügen Sie das erste Tag hinzu!

MARC

LEADER 00000nam a2200000 4500
001 0179124
005 20240306140029.0
020 |a 978-0-691-15264-6 
041 0 |a eng 
044 |a US 
245 1 0 |a This time is different  |b eight centuries of financial folly  |c Carmen M. Reinhart, Kenneth S. Rogoff 
264 1 |a Princeton  |b Princeton University Press  |c 2009 
300 |a xlv, 463 s. 
610 2 0 |a kríza finančná 
610 2 0 |a kríza hospodárska 
610 2 0 |a politika fiškálna 
610 2 0 |a cykly podnikateľské 
610 2 0 |a inflácia 
610 2 0 |a banky 
610 2 0 |a kurz výmenný 
610 2 0 |a účty národné 
610 2 0 |a dlhy verejné 
100 1 |a Reinhart, Carmen M. 
700 1 |a Rogoff, Kenneth